[Event "Berlin-ch Seniors op 33rd"]
[Site "Berlin"]
[Date "2017.02.04"]
[Round "5"]
[White "Rinke, Lothar"]
[Black "David, Heinz Dieter"]
[Result "1-0"]
[WhiteElo "1746"]
[BlackElo "1558"]
[PlyCount "59"]
[EventDate "2017.01.31"]
[EventType "swiss"]
[EventRounds "9"]
[EventCountry "GER"]
[SourceTitle "EXT 2019"]
[Source "ChessBase"]
[SourceDate "2018.10.10"]
[SourceVersion "1"]
[SourceVersionDate "2018.10.10"]
[SourceQuality "1"]

1. c4 e5 2. Nc3 Nf6 3. g3 d6 4. Bg2 Nc6 5. e3 Bd7 6. Nge2 Rb8 7. 0-0 Qc8 8. d4 Bh3 9. d5 Bxg2 10. Kxg2 Ne7 11. Qa4+ c6 12. e4 Ra8 13. Bg5 Nd7 14. Be3 Nb6 15. Qb3 cxd5 16. Bxb6 axb6 17. cxd5 Qc7 18. Qb5+ Kd8 19. Rac1 Ra5 20. Qb3 Qc5 21. a4 b5 22. Nxb5 Qb6 23. Qb4 Nc8 24. Qc3 Ra8 25. b3 Be7 26. Qf3 f6 27. Qf5 g5 28. Rc7 Qxc7 29. Nxc7 Kxc7 30. Rc1+ 1-0

[Event "Berlin-ch Seniors op 32nd"]
[Site "Berlin"]
[Date "2016.02.04"]
[Round "9"]
[White "Klevenow, Ursula"]
[Black "David, Heinz Dieter"]
[Result "1/2-1/2"]
[WhiteElo "1632"]
[BlackElo "1575"]
[PlyCount "30"]
[EventDate "2016.01.26"]
[EventType "swiss"]
[EventRounds "9"]
[EventCountry "GER"]
[SourceTitle "EXT 2019"]
[Source "ChessBase"]
[SourceDate "2018.10.10"]
[SourceVersion "1"]
[SourceVersionDate "2018.10.10"]
[SourceQuality "1"]

1. d4 c6 2. c4 e6 3. Nc3 d5 4. cxd5 exd5 5. Nf3 Be7 6. Bf4 Nd7 7. e3 Ngf6 8. Bd3 Bb4 9. 0-0 Bxc3 10. bxc3 Ne4 11. c4 Ndf6 12. Rc1 Be6 13. Ne5 g5 14. f3 gxf4 15. fxe4 dxe4 1/2-1/2

[Event "Berlin-ch Seniors op 31st"]
[Site "Berlin"]
[Date "2015.02.03"]
[Round "5"]
[White "David, Heinz Dieter"]
[Black "Fey, Jens"]
[Result "0-1"]
[WhiteElo "1277"]
[BlackElo "1472"]
[PlyCount "46"]
[EventDate "2015.01.29"]
[EventType "swiss"]
[EventRounds "9"]
[EventCountry "GER"]
[SourceTitle "EXT 2018"]
[Source "ChessBase"]
[SourceDate "2017.10.13"]
[SourceVersion "1"]
[SourceVersionDate "2017.10.13"]
[SourceQuality "1"]

1. e4 e5 2. Nf3 d6 3. Bc4 Be7 4. Nc3 Nf6 5. h3 0-0 6. d3 Nc6 7. a3 h6 8. Bd2 Nh7 9. Nd5 Nf6 10. Nxe7+ Qxe7 11. Qc1 Nh7 12. Be3 Kh8 13. Qd2 f5 14. exf5 Bxf5 15. 0-0-0 e4 16. Nd4 Nxd4 17. Bxd4 c5 18. Bc3 exd3 19. Bxd3 Bxd3 20. Qxd3 Rae8 21. Qd2 d5 22. Qxh6 d4 23. Bd2 gxh6 0-1

[Event "GER Cup GrD Seniors 1st"]
[Site "Bad Blankenburg"]
[Date "2011.08.21"]
[Round "4"]
[White "Hoose, Hannelore"]
[Black "David, Heinz Dieter"]
[Result "1/2-1/2"]
[WhiteElo "1397"]
[BlackElo "1423"]
[PlyCount "68"]
[EventDate "2011.08.18"]
[EventType "swiss"]
[EventRounds "7"]
[EventCountry "GER"]
[SourceTitle "CBM 144 Extra"]
[Source "ChessBase"]
[SourceDate "2011.10.28"]
[SourceVersion "1"]
[SourceVersionDate "2011.10.28"]
[SourceQuality "1"]

1. e4 e5 2. Nf3 d6 3. d4 exd4 4. Nxd4 Nf6 5. Bd3 Bd7 6. 0-0 Nc6 7. c3 Be7 8. Nd2 Ne5 9. Be2 0-0 10. f3 a6 11. Re1 c5 12. Nc2 Bb5 13. c4 Bc6 14. Nf1 a5 15. Nce3 Qd7 16. Nf5 Ne8 17. Nxe7+ Qxe7 18. Ne3 Bd7 19. Nd5 Qd8 20. Bf4 f6 21. Qd2 Ng6 22. Bg3 Be6 23. Rad1 Ra6 24. f4 f5 25. Bh5 Ne7 26. exf5 Bxd5 27. cxd5 Nxf5 28. Qe2 Nd4 29. Rxd4 cxd4 30. Bxe8 Qb6 31. Bb5 d3+ 32. Qf2 Qxf2+ 33. Bxf2 d2 34. Rd1 Raa8 1/2-1/2

[Event "GER Cup GrD Seniors 1st"]
[Site "Bad Blankenburg"]
[Date "2011.08.19"]
[Round "2"]
[White "Maczollek, Helmut"]
[Black "David, Heinz Dieter"]
[Result "1-0"]
[WhiteElo "1493"]
[BlackElo "1423"]
[PlyCount "41"]
[EventDate "2011.08.18"]
[EventType "swiss"]
[EventRounds "7"]
[EventCountry "GER"]
[SourceTitle "CBM 144 Extra"]
[Source "ChessBase"]
[SourceDate "2011.10.28"]
[SourceVersion "1"]
[SourceVersionDate "2011.10.28"]
[SourceQuality "1"]

1. d4 d5 2. Nf3 e6 3. e3 Be7 4. Bd3 Nf6 5. Nbd2 Nc6 6. a3 Bd7 7. 0-0 a6 8. b3 Na7 9. Bb2 Bb5 10. c4 dxc4 11. bxc4 Bc6 12. Ne5 b6 13. Qc2 0-0 14. f4 g6 15. e4 Bd6 16. Nxc6 Nxc6 17. e5 Ng4 18. exd6 Ne3 19. Qc3 cxd6 20. Be4 Rc8 21. Qxe3 1-0

[Event "GER Cup GrD Seniors 1st"]
[Site "Bad Blankenburg"]
[Date "2011.08.18"]
[Round "1"]
[White "David, Heinz Dieter"]
[Black "Zell, Gregor"]
[Result "1/2-1/2"]
[WhiteElo "1423"]
[BlackElo "1520"]
[PlyCount "38"]
[EventDate "2011.08.18"]
[EventType "swiss"]
[EventRounds "7"]
[EventCountry "GER"]
[SourceTitle "CBM 144 Extra"]
[Source "ChessBase"]
[SourceDate "2011.10.28"]
[SourceVersion "1"]
[SourceVersionDate "2011.10.28"]
[SourceQuality "1"]

1. e4 e5 2. Nf3 Nf6 3. d3 Nc6 4. a3 d5 5. exd5 Nxd5 6. Bd2 Bg4 7. Be2 Bd6 8. Ng5 Bxe2 9. Qxe2 h6 10. Ne4 0-0 11. g3 Nd4 12. Qd1 f5 13. Nec3 Be7 14. Ne2 Nf3+ 15. Kf1 f4 16. Nbc3 Nxd2+ 17. Qxd2 fxg3 18. Nxg3 Bg5 19. Qe2 Nxc3 1/2-1/2

[Event "Brandenburg-ch Seniors 18th"]
[Site "Rowy"]
[Date "2009.06.27"]
[Round "6"]
[White "David, Heinz Dieter"]
[Black "Thur, Herbert"]
[Result "0-1"]
[WhiteElo "1387"]
[BlackElo "1318"]
[PlyCount "48"]
[EventDate "2009.06.22"]
[EventType "swiss"]
[EventRounds "9"]
[EventCountry "POL"]
[SourceTitle "EXT 2022"]
[Source "ChessBase"]
[SourceDate "2021.10.06"]
[SourceVersion "1"]
[SourceVersionDate "2021.10.06"]
[SourceQuality "1"]

1. e4 e5 2. Nf3 d6 3. Bc4 h6 4. Nc3 Nf6 5. Be2 Be7 6. d3 0-0 7. Bd2 Nc6 8. Nd5 Bg4 9. Nxe7+ Qxe7 10. Nh4 Be6 11. 0-0 Nxe4 12. g3 Nxd2 13. Qxd2 Nd4 14. f4 Nxe2+ 15. Qxe2 exf4 16. Rxf4 g5 17. Nf5 Qf6 18. Rf2 Bxf5 19. Qf3 Qxb2 20. Raf1 Bg6 21. c4 Qb6 22. g4 Rae8 23. Qh3 Kg7 24. Qg3 Re3 0-1

[Event "Brandenburg-ch Seniors 18th"]
[Site "Rowy"]
[Date "2009.06.24"]
[Round "3"]
[White "Serowy, Reinhold"]
[Black "David, Heinz Dieter"]
[Result "1/2-1/2"]
[WhiteElo "1359"]
[BlackElo "1387"]
[PlyCount "28"]
[EventDate "2009.06.22"]
[EventType "swiss"]
[EventRounds "9"]
[EventCountry "POL"]
[SourceTitle "EXT 2022"]
[Source "ChessBase"]
[SourceDate "2021.10.06"]
[SourceVersion "1"]
[SourceVersionDate "2021.10.06"]
[SourceQuality "1"]

1. d4 d5 2. Nc3 e6 3. Nf3 Nf6 4. Bg5 Be7 5. e3 Nc6 6. a3 Ne4 7. Bxe7 Qxe7 8. Bd3 Nxc3 9. bxc3 f6 10. c4 a6 11. cxd5 exd5 12. c3 Na5 13. h3 Nc4 14. Bxc4 dxc4 1/2-1/2

[Event "GER-ch Seniors Gp-B 19th"]
[Site "Templin"]
[Date "2007.08.30"]
[Round "8"]
[White "David, Heinz Dieter"]
[Black "Scholz, Werner"]
[Result "1-0"]
[WhiteElo "1371"]
[BlackElo "1530"]
[PlyCount "31"]
[EventDate "2007.08.23"]
[EventType "swiss"]
[EventRounds "9"]
[EventCountry "GER"]
[SourceTitle "EXT 2022"]
[Source "ChessBase"]
[SourceDate "2021.10.06"]
[SourceVersion "1"]
[SourceVersionDate "2021.10.06"]
[SourceQuality "1"]

1. e4 c5 2. Bc4 Nc6 3. Nf3 Nf6 4. Nc3 d6 5. Ng5 e6 6. d3 Be7 7. 0-0 0-0 8. f4 Na5 9. e5 dxe5 10. fxe5 Nd7 11. Qh5 Bxg5 12. Bxg5 Qe8 13. Ne4 Nxe5 14. Nf6+ gxf6 15. Bxf6 Ng6 16. Qh6 1-0

[Event "GER-ch Seniors Gp-B 19th"]
[Site "Templin"]
[Date "2007.08.28"]
[Round "6"]
[White "David, Heinz Dieter"]
[Black "Ast, Erwin"]
[Result "0-1"]
[WhiteElo "1371"]
[BlackElo "1545"]
[PlyCount "54"]
[EventDate "2007.08.23"]
[EventType "swiss"]
[EventRounds "9"]
[EventCountry "GER"]
[SourceTitle "EXT 2022"]
[Source "ChessBase"]
[SourceDate "2021.10.06"]
[SourceVersion "1"]
[SourceVersionDate "2021.10.06"]
[SourceQuality "1"]

1. e4 e6 2. Nf3 d5 3. exd5 exd5 4. d4 Nf6 5. Nc3 Be7 6. Bd3 0-0 7. 0-0 Bg4 8. Be2 Nbd7 9. Bf4 c6 10. Ne5 Bf5 11. Bd3 Bg6 12. Nxd7 Qxd7 13. Be5 Rae8 14. Bxg6 fxg6 15. h3 Bd6 16. f4 Rf7 17. Qf3 Ref8 18. Qg3 Qc7 19. Ne2 Ne4 20. Qd3 Qb6 21. Bxd6 Nxd6 22. b3 Nf5 23. c3 Re8 24. Rf3 Rfe7 25. Re1 Qc7 26. Rf2 Ng3 27. Kh2 Ne4 0-1

[Event "GER-ch Seniors Gp-B 19th"]
[Site "Templin"]
[Date "2007.08.25"]
[Round "3"]
[White "Kirchner, Holger"]
[Black "David, Heinz Dieter"]
[Result "0-1"]
[WhiteElo "1114"]
[BlackElo "1371"]
[PlyCount "68"]
[EventDate "2007.08.23"]
[EventType "swiss"]
[EventRounds "9"]
[EventCountry "GER"]
[SourceTitle "EXT 2022"]
[Source "ChessBase"]
[SourceDate "2021.10.06"]
[SourceVersion "1"]
[SourceVersionDate "2021.10.06"]
[SourceQuality "1"]

1. Nc3 e5 2. Nf3 d6 3. d4 Nc6 4. e4 Bg4 5. Be3 a6 6. Be2 Nf6 7. d5 Ne7 8. Bg5 Ng6 9. h3 Bd7 10. g3 h6 11. Be3 c6 12. Qd2 b5 13. 0-0-0 c5 14. a3 Qa5 15. Nb1 Qxd2+ 16. Nfxd2 Be7 17. f4 0-0 18. f5 Nh8 19. g4 Nh7 20. h4 f6 21. Nf3 Nf7 22. Rdg1 Rab8 23. g5 fxg5 24. hxg5 Nfxg5 25. Nbd2 b4 26. Bc4 bxa3 27. bxa3 Bb5 28. Bxg5 Nxg5 29. Bxb5 axb5 30. Nxg5 Bxg5 31. Rg3 b4 32. Rb3 bxa3 33. Rxb8 Rxb8 34. Rh3 a2 0-1

[Event "GER-ch Seniors Gp-B 19th"]
[Site "Templin"]
[Date "2007.08.24"]
[Round "2"]
[White "David, Heinz Dieter"]
[Black "Gismann, Juergen"]
[Result "0-1"]
[WhiteElo "1371"]
[BlackElo "1626"]
[PlyCount "86"]
[EventDate "2007.08.23"]
[EventType "swiss"]
[EventRounds "9"]
[EventCountry "GER"]
[SourceTitle "EXT 2022"]
[Source "ChessBase"]
[SourceDate "2021.10.06"]
[SourceVersion "1"]
[SourceVersionDate "2021.10.06"]
[SourceQuality "1"]

1. e4 e6 2. Nf3 d5 3. exd5 exd5 4. d4 Nf6 5. Bd3 Bd6 6. h3 Be6 7. Nc3 c6 8. Qe2 0-0 9. Ne5 Qb6 10. Qe3 Nbd7 11. 0-0 Nxe5 12. dxe5 Qxe3 13. fxe3 Bxe5 14. e4 Bxc3 15. bxc3 dxe4 16. Be2 Nd5 17. Bb2 Nb6 18. Ba3 Rfe8 19. Bc5 Na4 20. Bd4 Bd7 21. Bc4 Be6 22. Bb3 Bxb3 23. cxb3 Nb2 24. Rae1 Nd3 25. Re2 c5 26. Be3 b6 27. c4 Re6 28. Rf5 g6 29. Rf1 f5 30. Bf4 Kg7 31. g4 Rf8 32. Rd1 Rfe8 33. gxf5 gxf5 34. Rf1 Rf8 35. Rg2+ Rg6 36. h4 h6 37. Be3 f4 38. Rxg6+ Kxg6 39. Bd2 Rf5 40. Kh2 e3 41. Bxe3 fxe3 42. Rg1+ Kf7 43. Rg2 Rf2 0-1

[Event "GER-ch Seniors Gp-B 19th"]
[Site "Templin"]
[Date "2007.08.23"]
[Round "1"]
[White "Dorst, Karl"]
[Black "David, Heinz Dieter"]
[Result "1-0"]
[WhiteElo "1633"]
[BlackElo "1371"]
[PlyCount "72"]
[EventDate "2007.08.23"]
[EventType "swiss"]
[EventRounds "9"]
[EventCountry "GER"]
[SourceTitle "EXT 2022"]
[Source "ChessBase"]
[SourceDate "2021.10.06"]
[SourceVersion "1"]
[SourceVersionDate "2021.10.06"]
[SourceQuality "1"]

1. e4 e5 2. Nf3 d6 3. d4 exd4 4. Nxd4 Bd7 5. Bc4 Nf6 6. Nc3 Nc6 7. 0-0 Ne5 8. Bb3 Be7 9. Re1 a6 10. h3 c5 11. Nd5 c4 12. f4 cxb3 13. fxe5 dxe5 14. Nxb3 Bc6 15. Nxf6+ Bxf6 16. Qe2 0-0 17. Bd2 Bb5 18. c4 Bc6 19. Bb4 Be7 20. Bc3 f6 21. Na5 Qb6+ 22. Kh2 Bd7 23. Rab1 Bb4 24. Qd2 Bxc3 25. Qxc3 Qc7 26. c5 Rac8 27. b4 f5 28. Qc4+ Kh8 29. Rbc1 b6 30. Nb3 b5 31. Qc3 Bc6 32. Nd2 fxe4 33. Nxe4 Rf4 34. Nd6 Rcf8 35. Qxe5 Rf2 36. Re2 Bxg2 1-0

[Event "Brandenburg Seniors op 16th"]
[Site "Rowy"]
[Date "2007.06.27"]
[Round "9"]
[White "David, Heinz Dieter"]
[Black "Thur, Herbert"]
[Result "0-1"]
[WhiteElo "1337"]
[BlackElo "1353"]
[PlyCount "43"]
[EventDate "2007.06.18"]
[EventType "swiss"]
[EventRounds "9"]
[EventCountry "POL"]
[SourceTitle "EXT 2011"]
[Source "ChessBase"]
[SourceDate "2010.11.26"]
[SourceVersion "1"]
[SourceVersionDate "2010.11.26"]
[SourceQuality "1"]

1. e4 e5 2. Bc4 d6 3. Nf3 Be6 4. Qe2 a6 5. d4 exd4 6. Nxd4 Bxc4 7. Qxc4 g6 8. Nf3 Bg7 9. Ng5 Qd7 10. Nc3 h6 11. Nf3 Ne7 12. 0-0 0-0 13. Nd5 Nbc6 14. c3 b5 15. Qd3 Ne5 16. Nxe5 dxe5 17. f4 exf4 18. Bxf4 Nxd5 19. Qxd5 Qxd5 20. exd5 Rad8 21. Rf3 Rxd5 22. Rh3 0-1

[Event "Brandenburg Seniors op 16th"]
[Site "Rowy"]
[Date "2007.06.26"]
[Round "8"]
[White "Wirth, Helmut"]
[Black "David, Heinz Dieter"]
[Result "1-0"]
[WhiteElo "1358"]
[BlackElo "1337"]
[PlyCount "61"]
[EventDate "2007.06.18"]
[EventType "swiss"]
[EventRounds "9"]
[EventCountry "POL"]
[SourceTitle "EXT 2011"]
[Source "ChessBase"]
[SourceDate "2010.11.26"]
[SourceVersion "1"]
[SourceVersionDate "2010.11.26"]
[SourceQuality "1"]

1. e4 e5 2. Nf3 d6 3. Nc3 a6 4. Be2 Nf6 5. d3 Nc6 6. Be3 Be7 7. 0-0 0-0 8. d4 Ng4 9. Qd2 Nxe3 10. fxe3 Bf6 11. a3 Qd7 12. Rad1 Ne7 13. dxe5 dxe5 14. Qxd7 Bxd7 15. Rxd7 Rfc8 16. Nd5 Nxd5 17. Rxd5 b5 18. c4 c6 19. Rd7 g5 20. Rfd1 g4 21. Ne1 h5 22. h3 Rd8 23. hxg4 hxg4 24. Bxg4 Kg7 25. Nc2 Rxd7 26. Rxd7 Rd8 27. Rxd8 Bxd8 28. b3 Bc7 29. a4 bxa4 30. bxa4 a5 31. Kh2 1-0

[Event "Brandenburg Seniors op 16th"]
[Site "Rowy"]
[Date "2007.06.25"]
[Round "7"]
[White "David, Heinz Dieter"]
[Black "Komeinda, Josef"]
[Result "1/2-1/2"]
[WhiteElo "1337"]
[BlackElo "1421"]
[PlyCount "42"]
[EventDate "2007.06.18"]
[EventType "swiss"]
[EventRounds "9"]
[EventCountry "POL"]
[SourceTitle "EXT 2011"]
[Source "ChessBase"]
[SourceDate "2010.11.26"]
[SourceVersion "1"]
[SourceVersionDate "2010.11.26"]
[SourceQuality "1"]

1. e4 e5 2. Nf3 Nc6 3. Bc4 Nf6 4. d3 d5 5. exd5 Nxd5 6. a3 Be7 7. Bd2 Bg4 8. Nc3 Nb6 9. h3 Bh5 10. g4 Bg6 11. Bb3 a6 12. Ne4 h6 13. Qe2 Nd4 14. Nxd4 exd4 15. 0-0-0 0-0 16. f4 Kh8 17. f5 Bh7 18. Qf2 Bh4 19. Qf3 c6 20. Rhg1 f6 21. Nc5 Bg8 1/2-1/2

[Event "Brandenburg Seniors op 16th"]
[Site "Rowy"]
[Date "2007.06.23"]
[Round "5"]
[White "Assmann, Hans"]
[Black "David, Heinz Dieter"]
[Result "1-0"]
[WhiteElo "1826"]
[BlackElo "1337"]
[PlyCount "57"]
[EventDate "2007.06.18"]
[EventType "swiss"]
[EventRounds "9"]
[EventCountry "POL"]
[SourceTitle "EXT 2011"]
[Source "ChessBase"]
[SourceDate "2010.11.26"]
[SourceVersion "1"]
[SourceVersionDate "2010.11.26"]
[SourceQuality "1"]

1. e4 e5 2. Nc3 Bc5 3. Nf3 d6 4. Bc4 h6 5. Na4 Nd7 6. c3 a6 7. Nxc5 Nxc5 8. Qc2 Nf6 9. d3 Ne6 10. a4 Nf4 11. 0-0 Qd7 12. Bxf4 exf4 13. Rfe1 0-0 14. e5 dxe5 15. Nxe5 Qf5 16. Qb3 Be6 17. Bxe6 Qxe6 18. c4 Ng4 19. d4 Nxe5 20. Rxe5 Qg4 21. Rae1 b5 22. axb5 axb5 23. cxb5 Rab8 24. h3 Qd7 25. Rd5 Qc8 26. Rc5 Re8 27. Rec1 Qd7 28. Rxc7 Qxd4 29. Qxf7+ 1-0

[Event "Brandenburg Seniors op 15th"]
[Site "Rowy"]
[Date "2006.06.23"]
[Round "4"]
[White "David, Heinz Dieter"]
[Black "Huth, Heinz"]
[Result "0-1"]
[WhiteElo "1355"]
[BlackElo "1714"]
[PlyCount "56"]
[EventDate "2006.06.19"]
[EventType "swiss"]
[EventRounds "9"]
[EventCountry "POL"]
[SourceTitle "EXT 2007"]
[Source "ChessBase"]
[SourceDate "2006.11.23"]
[SourceVersion "1"]
[SourceVersionDate "2006.11.23"]
[SourceQuality "1"]

1. e4 c5 2. g3 d6 3. Bg2 Nf6 4. Ne2 Nc6 5. Nbc3 e6 6. d3 Be7 7. 0-0 0-0 8. Nf4 Rb8 9. Nh3 b5 10. a3 a6 11. f4 Qb6 12. Re1 e5 13. f5 Nd4 14. Bg5 Qd8 15. Ne2 Bd7 16. Nxd4 exd4 17. Nf2 Rc8 18. Rc1 h6 19. Bd2 Nh7 20. Qg4 Bg5 21. Bxg5 Nxg5 22. Nh3 Nh7 23. Qe2 Qa5 24. Nf2 Rc7 25. Ng4 f6 26. Rf1 Kh8 27. Bf3 Rfc8 28. Nf2 Qa4 0-1

[Event "Brandenburg Seniors op 15th"]
[Site "Rowy"]
[Date "2006.06.21"]
[Round "3"]
[White "Casny, Guenter"]
[Black "David, Heinz Dieter"]
[Result "1-0"]
[WhiteElo "1734"]
[BlackElo "1355"]
[PlyCount "58"]
[EventDate "2006.06.19"]
[EventType "swiss"]
[EventRounds "9"]
[EventCountry "POL"]
[SourceTitle "EXT 2007"]
[Source "ChessBase"]
[SourceDate "2006.11.23"]
[SourceVersion "1"]
[SourceVersionDate "2006.11.23"]
[SourceQuality "1"]

1. Nf3 Nc6 2. d4 e6 3. e3 d5 4. c4 Nf6 5. a3 Be7 6. Nc3 a6 7. Bd3 Bd7 8. Qc2 dxc4 9. Bxc4 Na5 10. Bd3 Bc6 11. Bd2 b5 12. Ne4 Nc4 13. Nxf6+ Bxf6 14. Bxc4 bxc4 15. Qxc4 Bb5 16. Qc2 0-0 17. a4 Bd7 18. 0-0 Be7 19. Ne5 Bd6 20. Nxd7 Qxd7 21. b4 e5 22. Rfb1 f6 23. Qc4+ Kh8 24. dxe5 Bxe5 25. Bc3 Bd6 26. Rd1 Rfc8 27. Be5 Qe7 28. Bxd6 cxd6 29. Qd5 Rcb8 1-0